Die rote Koppel (Record no. 1783)

MARC details
000 -CABECERA
campo de control de longitud fija 00494nam a2200205 a 4500
001 - NÚMERO DE CONTROL
campo de control BRCA_2017
005 - FECHA Y HORA DE LA ÚLTIMA TRANSACCIÓN
campo de control 20190320203633.0
008 - DATOS DE LONGITUD FIJA--INFORMACIÓN GENERAL
campo de control de longitud fija 170608s1922----dk-#######---#000-0#dan-#
041 ## - CÓDIGO DE LENGUA
Código de lengua del texto/banda sonora o título independiente dan
044 ## - CÓDIGO DEL PAÍS DE LA ENTIDAD EDITORA/PRODUCTORA
Código MARC del país dk
050 #4 - SIGNATURA TOPOGRÁFICA DE LA BIBLIOTECA DEL CONGRESO
Número de clasificación PT8175 F5
Número de documento/Ítem .R67
-- 1922
100 1# - ENTRADA PRINCIPAL--NOMBRE DE PERSONA
Nombre de persona Fleuron, Svend
9 (RLIN) 6167
245 10 - MENCIÓN DE TÍTULO
Título Die rote Koppel
Mención de responsabilidad, etc. Svend Fleuron
260 ## - PUBLICACIÓN, DISTRIBUCIÓN, ETC.
Lugar de publicación, distribución, etc. Jena
Nombre del editor, distribuidor, etc. E. Diederichs
Fecha de publicación, distribución, etc. 1922
300 ## - DESCRIPCIÓN FÍSICA
Extensión 180 p.
Dimensiones 19 cm.
500 ## - NOTA GENERAL
Nota general I7
650 14 - PUNTO DE ACCESO ADICIONAL DE MATERIA--TÉRMINO DE MATERIA
Término de materia o nombre geográfico como elemento de entrada Literatura danesa.
9 (RLIN) 6168
902 ## - CATALOGADOR
Iniciales GFM
942 ## - ELEMENTOS DE PUNTO DE ACCESO ADICIONAL (KOHA)
Fuente del sistema de clasificación o colocación Library of Congress Classification
Tipo de ítem Koha Libros
Holdings
Estado de retiro Estado de pérdida Estado dañado No para préstamo Localización permanente Ubicación/localización actual Fecha de adquisición Número de inventario Total de préstamos Signatura topográfica completa Código de barras Fecha visto por última vez Precio válido a partir de Tipo de ítem Koha
El ejemplar forma parte de la colección y puede ser consultado según las políticas vigentes.       Biblioteca del Museo Franz Mayer (Rogerio Casas-Alatriste) Biblioteca del Museo Franz Mayer (Rogerio Casas-Alatriste) 30/07/2008 I7   PT8175 F5 .R67 1922 (I7) GFM10 22/03/2019 22/03/2019 Libros